000
00325nam a22001457a 4500
003
SGT
020
_a
9780195691696
082
_a
340.59
_b
MAH
100
_a
MAHMOOD TAHIR
245
_a
OUTLINES OF MUHAMMADAN LAW
250
_a
5
260
_a
NEW DELHI
_b
OXFORD UNIVERSITY PRESS
_c
2008
300
_a
414
942
_2
ddc
_c
BK
_0
3
999
_c
25537
_d
25537